| 000 | 01065nam a22003257a 4500 | ||
|---|---|---|---|
| 001 | BR7604340 | ||
| 003 | BR-BrBNA | ||
| 005 | 20230928085102.0 | ||
| 007 | ta | ||
| 008 | 230509b bl.||||| |||| 00| 0 por d | ||
| 040 |
_aBR-BrBNA _bpor _cBiblioteca Nacional de Agricultura |
||
| 041 | _a(Por) | ||
| 072 |
_aF00 _b0336 _b/G514 |
||
| 090 | _ 0336 BR7604340 | ||
| 110 | 1 |
_aUniversidade Federal de Santa Maria, RS (Brasil). Centro de Ciencias Rurais _910930 |
|
| 111 | 1 |
_a4. Reuniao Conjunta de Pesquisa da Soja - Rio Grande do Sul/Santa Catarina _cSanta Maria, RS (Brazil) _d23-27 Aug 1976 |
|
| 245 | 1 | _aAta 4. Reuniao Conjunta de Pesquisa da Soja - Rio Grande do Sul/Santa Catarina [Glycine max., Brasil] | |
| 260 | 3 |
_aSanta Maria, RS (Brasil): _c1976. |
|
| 300 | _a208 p. | ||
| 500 | _aSummary only | ||
| 650 | _aSOJA | ||
| 650 | _aVARIEDADE | ||
| 650 | _aLINHAGEM | ||
| 650 | _aMELHORAMENTO VEGETAL | ||
| 650 | _aDEFESA VEGETAL | ||
| 650 | _aRIO GRANDE DO SUL | ||
| 650 | _aSANTA CATARINA | ||
| 909 |
_a202309 _bLucia _c55 _dLucia Elande |
||
| 942 | _cBK | ||
| 999 |
_c22721 _d22721 |
||